000 00466nam a22001817a 4500
003 OSt
005 20260416172014.0
008 260416b |||||||| |||| 00| 0 eng d
020 _a9789388322195
082 _a823.92
_bROYA
100 _aRoy, Anuradha
245 _aAll the lives we never lived
260 _aGurugram
_bHachette Book Pub. India Pvt. Ltd
_c2019
300 _a335p
546 _aEnglish
650 _aEnglish Literature : Fiction
942 _2ddc
_cBK
999 _c3991
_d3991